MARC

LEADER 00000nam0a2200000 4500
001 133652
005 20231031135412.0
035 |a (RuTPU)RU\TPU\book\144866 
090 |a 133652 
100 |a 20080319d1974 m y0rusy50 ca 
101 0 |a rus 
102 |a RU 
105 |a a z 000zy 
200 1 |a Очистка узлов от натрия и радиоактивности  |h Вып. 3  |f Центральный научно-исследовательский институт информации и технико-экономических исследований по атомной науке и технике 
210 |a Москва  |c Атомиздат  |d 1974 
215 |a 40 с.  |c ил. 
610 1 |a радиоактивность 
610 1 |a натрий 
610 1 |a очистка 
610 1 |a узлы 
675 |a 621.384.12  |v 3 
712 0 2 |a Центральный научно-исследовательский институт информации и технико-экономических исследований по атомной науке и технике  |2 stltpush  |3 (RuTPU)RU\TPU\col\7912 
801 1 |a RU  |b 63413507  |c 20080319  |g PSBO 
801 2 |a RU  |b 63413507  |c 20090203  |g PSBO 
942 |c BK